Toutes les communes traversées / bordées par la Rhône depuis Genève - Statistiques

Statistiques générales
  • Ce quiz a été pris 23 fois
  • Le résultat moyen est 32 sur 233
Statistiques - réponses
Réponse % Correct
Genève
86%
Lyon
86%
Valence
68%
Avignon
64%
Vienne
64%
Arles
59%
Bourg-lès-Valence
55%
Montélimar
55%
Villeurbanne
55%
Tournon-sur-Rhône
50%
Caluire-et-Cuire
45%
Givors
45%
Les Saintes-Maries-de-la-Mer
45%
Décines-Charpieu
41%
Orange
41%
Valserhône
41%
Pierrelatte
36%
Pont-Saint-Esprit
36%
Vaulx-en-Velin
36%
Aire-la-Ville
32%
Beaucaire
32%
Bernex
32%
Le Teil
32%
Meyzieu
32%
Miribel
32%
Oullins-Pierre-Bénite
32%
Tarascon
32%
Chancy
27%
Culoz-Béon
27%
Portes-lès-Valence
27%
Saint-Marcel-d'Ardèche
27%
Saint-Pierre-de-Bœuf
27%
Saint-Pierre-de-Mézoargues
27%
Vernier
27%
Villeneuve-lès-Avignon
27%
Avully
23%
Crozes-Hermitage
23%
Dardagny
23%
Jonage
23%
La Mulatière
23%
Lancy
23%
Livron-sur-Drôme
23%
Onex
23%
Port-Saint-Louis-du-Rhône
23%
Rillieux-la-Pape
23%
Saint-Maurice-de-Beynost
23%
Saint-Maurice-de-Gourdans
23%
Saint-Maurice-l'Exil
23%
Saint-Rambert-d’Albon
23%
Sorgues
23%
Tain-l’Hermitage
23%
Viviers
23%
Boulbon
18%
Bourg-Saint-Andéol
18%
Cartigny
18%
Châteauneuf-du-Pape
18%
Châteauneuf-du-Rhône
18%
Donzère
18%
Mornas
18%
Russin
18%
Saint-Alban-du-Rhône
18%
Saint-Fons
18%
Saint-Jean-de-Muzols
18%
Saint-Just-d'Ardèche
18%
Saint-Vallier
18%
Satigny
18%
Seyssel
18%
Andance
14%
Andancette
14%
Champagne
14%
Chasse-sur-Rhône
14%
Cruas
14%
Feyzin
14%
Fourques
14%
Lapalud
14%
Le Péage-de-Roussillon
14%
Le Pontet
14%
Limony
14%
Loriol-sur-Drôme
14%
Loyettes
14%
Mondragon
14%
Sablons
14%
Saint-Cyr-sur-le-Rhône
14%
Saint-Michel-sur-Rhône
14%
Saint-Romain-de-Jalionas
14%
Saint-Romain-en-Gal
14%
Saint-Vulbas
14%
Salaise-sur-Sanne
14%
Sarras
14%
Serrières
14%
Serrières-de-Briord
14%
Serrières-en-Chautagne
14%
Vauvert
14%
Ampuis
9%
Anglefort
9%
Aoste
9%
Aramon
9%
Arras-sur-Rhône
9%
Barbentane
9%
Challex
9%
Chanaz
9%
Chavanay
9%
Comps
9%
Condrieu
9%
Corbonod
9%
Étoile-sur-Rhône
9%
Gervans
9%
Grigny-sur-Rhône
9%
Groslée-Saint-Benoît
9%
Guilherand-Granges
9%
Injoux-Génissiat
9%
La Balme
9%
La Balme-les-Grottes
9%
La Roche-de-Glun
9%
Laudun-l’Ardoise
9%
Laveyron
9%
Léaz
9%
Le Pouzin
9%
Les Angles
9%
Les Roches-de-Condrieu
9%
Loire-sur-Rhône
9%
Mauves
9%
Meysse
9%
Ozon
9%
Porcieu-Amblagnieu
9%
Reventin-Vaugris
9%
Roquemaure
9%
Saint-Clair-du-Rhône
9%
Saint-Désirat
9%
Saint-Gilles
9%
Solaize
9%
Ternay
9%
Tupin-et-Semons
9%
Vallabrègues
9%
Vérin
9%
Villette-d’Anthon
9%
Yenne
9%
Ancône
5%
Anthon
5%
Baix
5%
Balan
5%
Beauchastel
5%
Beynost
5%
Billiat
5%
Bouvesse-Quirieu
5%
Brangues
5%
Brégnier-Cordon
5%
Briord
5%
Caderousse
5%
Charmes-sur-Rhône
5%
Châteaubourg
5%
Chavanoz
5%
Chevrier
5%
Chonas-l'Amballan
5%
Clarafond-Arcine
5%
Codolet
5%
Collonges
5%
Cornas
5%
Cressin-Rochefort
5%
Creys-Mépieu
5%
Éloise
5%
Érôme
5%
Glun
5%
Irigny
5%
Jons
5%
La Coucourde
5%
Lagnieu
5%
Lamotte-du-Rhône
5%
La Voulte-sur-Rhône
5%
Le Bouchage
5%
Les Avenières Veyrins-Thuellin
5%
Les Tourrettes
5%
Lhuis
5%
Montagnieu
5%
Montalieu-Vercieu
5%
Motz
5%
Peyraud
5%
Piolenc
5%
Pougny
5%
Rochemaure
5%
Rompon
5%
Saint-Alexandre
5%
Sainte-Colombe
5%
Saint-Étienne-des-Sorts
5%
Saint-Genix-les-Villages
5%
Saint-Georges-les-Bains
5%
Saint-Germain-sur-Rhône
5%
Saint-Montan
5%
Saint-Péray
5%
Saint-Sorlin-en-Bugey
5%
Saint-Victor-de-Morestel
5%
Saulce-sur-Rhône
5%
Sault-Brénaz
5%
Sauveterre
5%
Savasse
5%
Sérézin-du-Rhône
5%
Serves-sur-Rhône
5%
Seyssuel
5%
Soyons
5%
Vertrieu
5%
Vion
5%
Vulbens
5%
Bassy
0%
Brens
0%
Challonges
0%
Champagneux
0%
Chanay
0%
Chusclan
0%
Franclens
0%
Hières-sur-Amby
0%
Jongieux
0%
Lavours
0%
Lemps
0%
Lucey
0%
Massignieu-de-Rives
0%
Mercurol-Veaunes
0%
Montfaucon
0%
Murs-et-Gélignieux
0%
Neyron
0%
Niévroz
0%
Parves et Nattages
0%
Peyrieu
0%
Ruffieux
0%
Surjoux-Lhopital
0%
Thil
0%
Vénéjan
0%
Verna
0%
Vernaison
0%
Villebois
0%
Vions
0%
Virignin
0%
Aucun quiz correspondant
Distribution des résultats
% des personnes avec chaque résultat
Percentile par nombre de réponses
Votre historique - résultats
Vous n’avez pas pris ce quiz